00768nam0a22002171 4500001001000000005001700010035002600027100004100053101000800094102000700102105001800109200014400127210004000271215002300311225003400334300008300368700004000451801001800491801002200509852001900531rc\78901520250622133003.0 a(NLR Aleph) 006314390 a20040301d1984 |||y0rusy50 ca0 arus aRU aa |||||||||1 aБарьерeРоманfАхат ДжаксыбаевgПеревод с каз. Л. Кривощековаg[Худож. С. Алиев] aАлма-АтаcЖазушыd1984 a278 с.cил.d211 aКазахская проза aВ вып. дан. авт.: Ахат Имантаевич Джаксыбаев 1aДжаксыбаевbА.gАхат 0aRUbNLRgpsbo 1aRUbELAR2rusmarc aNLRj84-3/8317